Sports Quiz

Random Sports or NFL Quiz

Top 25 NFL Kickers 2014 Quiz Stats

 Plays Quiz not verified by Sporcle

Challenge
Share
Tweet
Embed
Score 0/25 Timer 10:00
0 Plays Today
Team Player % Correct
PatriotsStephen Gostkowski
100%
ColtsAdam Vinatieri
94.7%
PackersMason Crosby
93%
SeahawksStephen Hauschka
86%
CowboysDan Bailey
84.2%
BearsRobbie Gould
82.5%
LionsMatt Prater
78.9%
RavensJustin Tucker
78.9%
VikingsBlair Walsh
77.2%
BillsDan Carpenter
75.4%
JetsNick Folk
73.7%
49ersPhil Dawson
70.2%
ChargersNick Novak
68.4%
Team Player % Correct
PanthersGraham Gano
66.7%
FalconsMatt Bryant
64.9%
BengalsMike Nugent
64.9%
EaglesCody Parkey
61.4%
JaguarsJosh Scobee
61.4%
ChiefsCairo Santos
59.6%
SaintsShayne Graham
54.4%
DolphinsCaleb Sturgis
50.9%
CardinalsChandler Catanzaro
49.1%
GiantsJosh Brown
47.4%
RedskinsKai Forbath
45.6%
TexansRandy Bullock
40.4%

You're not logged in!

Compare scores with friends on all Sporcle quizzes.
Join for Free
OR
Log In

You Might Also Like...

Show Comments

Extras

Created Jan 1, 2015ReportNominate
Tags:NFL Quiz, 2014, kicker, player, team, Top 25

Top Quizzes Today


Score Distribution

Your Account Isn't Verified!

In order to create a playlist on Sporcle, you need to verify the email address you used during registration. Go to your Sporcle Settings to finish the process.

Report this User

Report this user for behavior that violates our Community Guidelines.

Details: